000 00224nam a22000857a 4500
008 161017b xxu||||| |||| 00| 0 eng d
100 _9868
_aZiefert.H.
245 _aHarry Takes a Bath
260 _aLondon
_bPenguin Publications
_c1987
999 _c3521
_d3521